লোডিং...

Great expectations /

গ্রন্থ-পঞ্জীর বিবরন
প্রধান লেখক: Martin, Graham
বিন্যাস: Printed Book
ভাষা:English
প্রকাশিত: Open University Press, 1975.
মালা:Open University, The nineteenth century novel, unit 7
বিষয়গুলি:
LEADER 00542nam a2200157Ia 4500
008 150623b xxu||||| |||| 00| 1 eng d
082 |a 823.7D109 
100 |a Martin, Graham 
245 |a Great expectations /  |c Graham Martin 
260 |b Open University Press,  |c 1975. 
300 |a 46 p. 
490 |a Open University, The nineteenth century novel, unit 7 
650 |v Fiction 
942 |c BK 
999 |c 31187  |d 31187 
952 |0 0  |1 0  |4 0  |6 823_000000000000000_7D109_MAR_G  |7 0  |9 31186  |a UL  |b UL  |c ST2  |d 1998-09-01  |o 823.7D109 MAR/G  |p 42783  |r 2012-10-27  |w 2012-10-27  |y BK